Бакалавр: выбор индивидуальной образовательной траектории; Бакалавры техники и технологии: подготовка и трудоустройство

Bibliographic Details
Parent link:Бакалавры техники и технологии: подготовка и трудоустройство.— 2004.— С. 112-114
Main Author: Лукьянова Н. А. Наталия Александровна
Language:Russian
Published: 2004
Subjects:
Format: MixedMaterials Book Chapter
KOHA link:https://koha.lib.tpu.ru/cgi-bin/koha/opac-detail.pl?biblionumber=222514

MARC

LEADER 00000naa2a2200000 4500
001 222514
005 20240117141616.0
035 |a (RuTPU)RU\TPU\book\242727 
090 |a 222514 
100 |a 20120925d2004 k y0rusy50 ca 
101 0 |a rus 
102 |a RU 
200 1 |a Бакалавр: выбор индивидуальной образовательной траектории  |f Н. А. Лукьянова 
320 |a Библиогр.: 2 назв. 
463 0 |0 (RuTPU)RU\TPU\book\73199  |t Бакалавры техники и технологии: подготовка и трудоустройство  |o труды международного симпозиума, 17-18 июня 2004 г., Москва  |f Томский политехнический университет ; Бакалавры техники и технологии: подготовка и трудоустройство, международный симпозиум ; под ред. Ю. П. Похолкова  |v С. 112-114  |d 2004  |p 126 с. 
610 1 |a обучение 
610 1 |a индивидуальный подход 
610 1 |a бакалавры 
610 1 |a труды учёных ТПУ 
700 1 |a Лукьянова  |b Н. А.  |c специалист в области психологии и права  |c профессор Томского политехнического университета, доктор философских наук  |f 1971-  |g Наталия Александровна  |3 (RuTPU)RU\TPU\pers\25996  |9 11845 
801 1 |a RU  |b 63413507  |c 20120925 
942 |c BK